Statistics for Random Trivia Quiz #9

Click here to take the quiz!

General Stats

  • This quiz has been taken 7 times
  • The average score is 5 of 24

Answer Stats

HintAnswer% Correct
Japanese women who performs ancient traditions of art, dance and singing easily recognizable by their kimono and oshiroiGeisha
80%
The capital and largest city on Greenland, containing a third of the islands population, founded in 1728 by Class PassNuuk
60%
Bantu and ethnic group from Southern Africa with an estimated population of 11 million famous for their leader ShakaZulu
60%
Tenth sultan and conqueror of the Mali empire with nicknames such as "Emir of Melle" and "Lord of the Mines of Wangara" famous for maybe being the wealthiest person in historyMansa Musa
40%
Astronaut and physicist born in Los Angeles who became the first American woman in spaceSally Ride
40%
Point guard for the Golden State Warriors, six -time NBA All-star, most valuable player twice and three NBA championshipsStephen Curry
40%
Style of Brazilian music developed in the 60's and 70's meaning "new wave" or "new trend" being a fusion between samba and jazzBossa nova
20%
The "City of Jasmine" built on a strategic plateau, sheltered by the Anti-Lebanon mountains it's name roughly translates to "a well-watered land"Damascus
20%
Region in western Sudan previously named Dardaju ruled by an Daju, the region has been in conflict since 2003Darfur
20%
The state fish of Hawaii and is famous for it's snout and it's name being a song in High School Musical 2Humuhumunukunukuapua'a
20%
"Caviar and cigarettes, well versed in etiquette, extraordinarily nice, she's a ..."Killer Queen
20%
Russian actor, theatre director and theorist, founder of the MAT, author of "My Life in Art", most famous for his "system" of actor training and preparationKonstantin Stanislavski
20%
Greek-born soprano with a repertoire ranging from Rossini and Donizetti to Verdi and Puccini her talents led to the nickname "La divina"Maria Callas
20%
"She was more like a beauty queen from a..."Movie Scene
20%
Thirteenth most populous city in Russia located on the Kama river near the Ural MountainsPerm
20%
Chemical element with atomic number 30, used in brass and by alchemist to form "white snow", named after the German word for toothZinc
20%
Crazy actress who had roles in Legion as the Shadow King and in the movies: Life after Beth, Dirty Grandpa and Child's playAubrey Plaza
0%
Italian prime minister between 1983 to 1987, nicknamed "il Cinghiale" and most famous for the Sigonella CrisisBettino Craxi
0%
A nearly bloodless military coup in Portugal 1974 which lead to the end of the Estado Novo regime and the independence of countries including Angola, Cape Verde and much later East TimorCarnation Revolution
0%
The native names of the two clumsy detectives in the Adventures of Tintin, their English names are Thomson and ThompsonDupont and Dupond
0%
French polymath famous for introducing Lorentz transformations and a conjecture solved in 2003 by Grigori PerelmanHenri Poincaré
0%
Mexican golfer born in Guadalajara, the top-ranked female player for 158 weeks and have won 27 LPGA toursLorena Ochoa
0%
Arab designation for slaves, most commonly used to refer to Non-Muslim slave soldiersMamluks
0%
The queen of Jordan, born in Kuwait to a Palestine family and known for her work related to education, health, community, health and moreQueen Rania of Jordan
0%

Score Distribution

Percentile by Number Answered

Percent of People with Each Score

Your Score History

You have not taken this quiz